Score 0/19 Timer 07:00
0 Plays Today
Country % Correct
United States of America
95.3%
Canada
93.8%
France
92.9%
Sweden
92.9%
Norway
91.8%
Spain
91.5%
The Netherlands
91.2%
Denmark
88.5%
Belgium
86.7%
Portugal
83.9%
Country % Correct
Argentina
82.4%
Iceland
81.4%
Brazil
81.1%
New Zealand
80.9%
Mexico
80%
South Africa
71.4%
Uruguay
64.5%
Israel
46.4%
United Kingdom
46.3%
Remove Ads.
Support Sporcle.
Get the best of Sporcle when you Go Orange. This ad-free experience offers more features, more stats, and more fun while also helping to support Sporcle. Thank you for becoming a member.

You're not logged in!

Compare scores with friends on all Sporcle quizzes.
OR
Log In

Show Comments

Extras

Top Quizzes Today


Score Distribution

Your Account Isn't Verified!

In order to create a playlist on Sporcle, you need to verify the email address you used during registration. Go to your Sporcle Settings to finish the process.

Report this User

Report this user for behavior that violates our Community Guidelines.

Details: